Fangfragen - Statistiken

Allgemein
  • Dieses Quiz wurde 405 mal gespielt
    144 seit der letzten Aktualisierung
  • Das Durchschnittsergebnis liegt bei 11 aus 18
Antwortstatistiken
Frage Antwort % Korrekt
Welcher Planet hält den Rekord für die niedrigste je beobachtete Temperatur? Erde
87%
Wie viele Monate haben 28 Tage? Alle
84%
Toms Vater hatte fünf Söhne. Ihre Namen waren Zehn, Zwanzig, Dreißig, Vierzig und wie? Tom
83%
Was war der höchste Berg der Welt, bevor der Mount Everest entdeckt wurde? Mount Everest
79%
Kannst du die Hauptstadt von Japan erraten? Ja / Nein
78%
Was kannst du niemals vor dem Mittagessen essen? Abendessen
75%
Was knurrt, wird dich aber niemals beißen? Dein Magen
75%
Ein Obsthändler hat einen BMI-Wert von 25. Was wiegt er? Obst
72%
Warum kann ein Mann die Schwester seiner Witwe nicht heiraten? Weil er tot ist
69%
Wie viel Prozent der Soldaten im Amerikanischen Bürgerkrieg starben? 100%
66%
Wie viele Tiere nahm Moses mit auf die Arche? Keine
62%
Was wird nass, während es trocknet? Ein Handtuch
49%
Welcher Tag ist der gefährlichste Tag für U-Boot-Fahrer? Der Tag der offenen Tür
36%
Was wird größer, je mehr du wegnimmst? Ein Loch
34%
Greg ist der Vater von Chris, aber Chris ist nicht der Sohn von Greg. Wie ist das möglich? Chris ist ein Mädchen
32%
Welches Land hat die größte Anzahl an Affen? Indien
32%
Wie nennt man eine Frau, die immer weiß, wo ihr Mann ist? Eine Witwe
25%
Es ist größer als Gott und böser als der Teufel. Reiche brauchen es, Arme haben es. Und wenn du es isst, stirbst du. Was ist es? Nichts
21%
Keine übereinstimmenden Quizze gefunden
Verteilung der Resultate
Anzahl Personen mit jedem Resultat
Perzentil nach korrekt beantworteten Fragen
Ihre Resultats-Entwicklung
Sie haben dieses Quiz seit der letzten Aktualisierung nicht gespielt